लो.टिळक यांचे चरित्र उत्तरार्ध खंड 3(1914/1920)(वा.क.क्र.5/3) (Record no. 403964)

MARC details
000 -LEADER
fixed length control field 00736nam a2200157Ia 4500
008 - FIXED-LENGTH DATA ELEMENTS--GENERAL INFORMATION
fixed length control field 100122s9999 xx 000 0 und d
082 ## - DEWEY DECIMAL CLASSIFICATION NUMBER
Item number 13050
Classification number 923.254
100 ## - MAIN ENTRY--PERSONAL NAME
Personal name केळकर न चि
245 ## - TITLE STATEMENT
Title लो.टिळक यांचे चरित्र उत्तरार्ध खंड 3(1914/1920)(वा.क.क्र.5/3)
250 ## - EDITION STATEMENT
Edition statement 0
260 ## - PUBLICATION, DISTRIBUTION, ETC. (IMPRINT)
Name of publisher, distributor, etc न.चि.केळकर
Date of publication, distribution, etc 1928
300 ## - PHYSICAL DESCRIPTION
Extent 200
630 ## - SUBJECT ADDED ENTRY--UNIFORM TITLE
Uniform title लो.टिळक यांचे चरित्र उत्तरार्ध खंड 3(1914/1920)(वा.क.क्र.5/3)
730 ## - ADDED ENTRY--UNIFORM TITLE
Uniform title लो.टिळक यांचे चरित्र उत्तरार्ध खंड 3(1914/1920)(वा.क.क्र.5/3)
942 ## - ADDED ENTRY ELEMENTS (KOHA)
Koha item type Book

No items available.